Diário de um killer sentimental (Registo nº 209)

Detalhes MARC
000 -Etiqueta do registo
Cabeçalho 00726nam0a2200241 4500
005 - Identificador da versão
Campo de controlo 20240813121757.0
010 ## - Número internacional normalizado dos livros (ISBN)
Número (ISBN) 8496075753
100 ## - Dados gerais de processamento
Dados gerais de processamento 20150605d2002 ed y1pory5001 ba
102 ## - Pais de publicação ou produção
País de publicação Portugal
101 1# - Língua de publicação
Língua do texto, banda sonora, etc. Espanhol
Língua do documento no original Português
215 ## - Descrição física 
Indicação específica da natureza do documento e extensão da espécie 77, [2] p
200 1# - Titulo e menção de responsabilidade
Título próprio Diário de um killer sentimental
Primeira menção de responsabilidade Luis Sepúlveda
Outras menções de responsabilidade trad. de Pedro Tamen
225 2# - Colecção 
Título próprio da colecção Mil folhas
Indicação de volume 33
210 ## - Publicação, Distribuição, etc. 
Lugar da edição, distribuição, etc. Porto
Nome do editor, distribuidor, etc. Público Comunicação Social
Data da publicação, distribuição, etc. cop. 2002
606 ## - Nome comum usado como assunto
Número de registo de entrada de autoridade 0002250
Palavra de ordem Literatura chilena
Subdivisão de assunto Conto
Código do sistema CA
675 ## - Classificação Decimal Universal (CDU)
Notação 821.134.2(83)-34
Edição 3ª ed.
Língua da edição por
702 #1 - Nome de autor-pessoa física (responsabilidade secundária)
Número de registo de entrada de autoridade 0001797
Palavra de ordem Tamen
Outra parte do nome não tomada para palavra de ordem Pedro
Datas 1934-
Código de função Tradutor
700 #1 - Nome de autor-pessoa física (responsabilidade principal)
Número de registo de entrada de autoridade 0001795
Palavra de ordem Sepúlveda
Outra parte do nome não tomada para palavra de ordem Luis
Datas 1949-
966 ## - Identificação da Biblioteca
Sigla EB2,3ENM
942 ## - Elementos de entrada adicionados (Koha)
Tipo de item no Koha Livro
Exemplares
Situação do levantamento Origin of item (home branch) (coded) Biblioteca de empréstimo Código de barras Cota Circulation type (not for loan) Tipo de documento Nota do exemplar Damaged status
  Biblioteca Escolar Eng. Nuno Mergulhão Biblioteca Escolar Eng. Nuno Mergulhão BENM753 82LE-34 SEP   Livro Sem mensagem